The English works of Raja Rammohan Roy / (Record no. 136682)

MARC details
000 -LEADER
fixed length control field 00795nam a22002177a 4500
010 ## - LIBRARY OF CONGRESS CONTROL NUMBER
LC control number A-408298
035 ## - SYSTEM CONTROL NUMBER
System control number A-408298
037 ## - SOURCE OF ACQUISITION
Source of stock number/acquisition Cen Lib / Ret
040 ## - CATALOGING SOURCE
Original cataloging agency DPL
Language of cataloging EN
082 ## - DEWEY DECIMAL CLASSIFICATION NUMBER
Classification number 012
Item number GHO
245 ## - TITLE STATEMENT
Title The English works of Raja Rammohan Roy /
Statement of responsibility, etc edited by Jogendra Chunder Ghose ; with an english translation of Tuhfatul Muwahhiddin /
260 ## - PUBLICATION, DISTRIBUTION, ETC. (IMPRINT)
Place of publication, distribution, etc New Delhi
Name of publisher, distributor, etc COSMO Publications
Date of publication, distribution, etc 1982
270 ## - ADDRESS
Address 24-B, Ansari Road
City New Delhi
Postal code 110002
300 ## - PHYSICAL DESCRIPTION
Extent (v 1. viii, 237p ; v 2. xxix, 240-477 ; v 3. xxix, 484-760p)
Other physical details 24cm(Hb)
650 ## - SUBJECT ADDED ENTRY--TOPICAL TERM
Topical term or geographic name as entry element Theismus
650 ## - SUBJECT ADDED ENTRY--TOPICAL TERM
Topical term or geographic name as entry element India -- In literature.
650 ## - SUBJECT ADDED ENTRY--TOPICAL TERM
Topical term or geographic name as entry element Indic literature (English) -- History and criticism.
700 ## - ADDED ENTRY--PERSONAL NAME
Personal name Ghose, Jogendra Chunder
700 ## - ADDED ENTRY--PERSONAL NAME
Personal name Muwahhiddin, Tuhfatul
942 ## - ADDED ENTRY ELEMENTS (KOHA)
Source of classification or shelving scheme Dewey Decimal Classification
Koha item type English Books
Classification part 012
Call number suffix GHO
Holdings
Withdrawn status Lost status Source of classification or shelving scheme Materials specified (bound volume or other part) Damaged status Not for loan Home library Current library Date acquired Source of acquisition Cost, normal purchase price Total Checkouts Full call number Barcode Date last seen Copy number Cost, replacement price Price effective from Koha item type Public note
Written off   Dewey Decimal Classification v 1     Central Library Central Library 07/03/2016 Cen Lib/Ret 125.00   012 GHO A-408298 07/03/2016 1 125.00 27/07/2016 English Books W/d List No. 3393/7:Dtd 03/04/21
      v 2     Central Library Central Library 11/03/2016 Cen Lib/Ret 125.00   012 GHO A-140593 11/03/2016 1 125.00 27/07/2016 English Books  
      v 3     Central Library Central Library 11/03/2016 Cen Lib/Ret 125.00   012 GHO A-140594 11/03/2016 1 125.00 11/03/2016 English Books  

© Delhi Public Library
Hit Counter
free hit counter